NBA Teams Jeff Green Played For - Statistics

General Stats
  • This quiz has been taken 227 times
  • The average score is 9 of 12
Answer Stats
Years Team Name % Correct
2011, 2012-2015 Boston Celtics
89%
2020 Houston Rockets
84%
2023-present Houston Rockets
84%
2021-2023 Denver Nuggets
78%
2016 Los Angeles Clippers
75%
2020-2021 Brooklyn Nets
72%
2007-2011 Seattle SuperSonics/Oklahoma City Thunder
71%
2017-2018 Cleveland Cavaliers
70%
2016-2017 Orlando Magic
66%
2018-2019 Washington Wizards
60%
2019 Utah Jazz
59%
2015-2016 Memphis Grizzlies
54%
No matching quizzes found
Score Distribution
Percent of People with Each Score
Percentile by Number Answered
Your Score History
You have not taken this quiz